000 01632nam0a22002891 4500
001 rc\3550605
005 20260407184552.0
021 _aRU
_b[73-6142]
035 _a(NLR Aleph) 007674910
090 _a6474989
_c6474989
100 _a20130115d1973 |||y0rusy50 ca
101 0 _arus
102 _aRU
105 _aa z |||||
200 1 _aПрограмма и тезисы докладов XXIII совещания по ядерной спектроскопии и структуре атомного ядра. Тбилиси. 30 января - 2 февраля 1973 г.
_fАН СССР. Гос. ком. по использованию атомной энергии СССР. Тбил. гос. ун-т
210 _aЛенинград
_cНаука. Ленингр. отд-ние
_d1973
215 _a387 с.
_cчерт.
_d21
320 _aСписки лит. в конце докл.
532 1 1 _aПрограмма и тезисы докладов двадцать третьего совещания по ядерной спектроскопии и структуре атомного ядра. Тбилиси. 30 января - 2 февраля 1973 г.
606 _aАтомное ядро
_xСтруктура
_jТезисы докладов
_2psbo
606 _aСпектроскопия ядерная
_jТезисы докладов
_2psbo
710 1 2 _aВсесоюзное совещание по ядерной спектроскопии
_d23
_f1973
_eТбилиси
_3RU\NLR\AUTH\8810120616
_9739557
801 0 _aRU
_bNLR
_gpsbo
801 1 _aRU
_bELAR
_2rusmarc
852 _aNLR
_j72-5/5293
942 _cBOOK
980 _aNB